Name an F1 Constructor for Every Letter - Statistics

General Stats
  • This quiz has been taken 4,619 times
  • The average score is 12 of 20
Answer Stats
Hint Answer % Correct
A Arrows | Alfa Romeo | ATS | AGS | AlphaTauri | and 10 others
97%
M McLaren | Minardi | Mercedes | March | Marussia | and 10 others
97%
F Ferrari | Force India | Fittipaldi | Frank Williams | Fondmetal | and 5 others
96%
R Renault | Red Bull | Racing Point | RAM | Rial | and 2 others
94%
B Brabham | Benetton | BRM | BAR | Brawn GP | and 5 others
90%
H Haas | Honda | Hesketh | HRT | HWM | Hill
87%
W Williams | Wolf
87%
L Lotus | Ligier | Lola | Larrousse | Leyton House | and 6 others
76%
S Sauber | Surtees | Shadow | Stewart | Super Aguri | and 9 others
76%
T Tyrrell | Toro Rosso | Toyota | Toleman | Theodore | and 5 others
76%
J Jordan | Jaguar | JBW
69%
P Prost | Penske | Porsche | Pacific | Parnelli
61%
C Cooper | Coloni | Caterham | Connaught | Connew | Cisitalia
57%
V Virgin | Vanwall | Venturi | Veritas
48%
E Ensign | EuroBrun | Eagle | Eifelland | ERA | and 3 others
33%
Z Zakspeed
29%
D Dallara | Derrington-Francis | De Tomaso
25%
O Osella | Onyx | O.S.C.A.
21%
K Kurtis | Kojima | Kauhsen | Klenk
11%
G Gordini | Gilby | Greifzu
10%
No matching quizzes found
Score Distribution
Percent of People with Each Score
Percentile by Number Answered
Your Score History
You have not taken this quiz